[Event "19. Open Figueres Miquel Mas 2018"]
[Site "Figueres ESP"]
[Date "2018.08.09"]
[Round "1.1"]
[White "Morales Castaneda, Manuel"]
[Black "Vidal Zamora, Alex"]
[Result "0-1"]
[WhiteElo "1697"]
[BlackElo "2404"]
[PlyCount "138"]
[EventDate "2018.08.09"]
[EventType "swiss"]
[EventRounds "9"]
[EventCountry "ESP"]
[SourceTitle "Ajedrez en Madrid"]
[Source "lmi"]
[SourceDate "2018.08.09"]
[SourceVersion "1"]
[SourceVersionDate "2019.07.09"]
[SourceQuality "1"]

1. d4 Nf6 2. c4 e6 3. Nf3 b6 4. g3 Bb7 5. Bg2 Be7 6. O-O O-O 7. Nc3 Ne4 8. Nxe4
Bxe4 9. d5 Bf6 10. Qb3 Na6 11. Re1 Nc5 12. Qd1 Qe7 13. Nd2 exd5 14. cxd5 Bxg2
15. Kxg2 Rfe8 16. Qc2 c6 17. dxc6 Rac8 18. Nf3 Rxc6 19. Be3 Qe4 20. Qd2 d5 21.
Rad1 Na4 22. Qxd5 Nxb2 23. Qxe4 Rxe4 24. Rd7 Ra4 25. Ne5 Rc8 26. Nxf7 Rxa2 27.
Nd6 Rf8 28. Rc1 a5 29. Rcc7 Na4 30. Ne4 Be5 31. Rb7 Rxe2 32. Re7 Ba1 33. Ng5
Bf6 34. Rec7 Nc5 35. Bxc5 bxc5 36. Nf3 a4 37. Rxc5 Rxf2+ 38. Kxf2 Bd4+ 39. Ke2
Bxc5 40. Rb5 Rc8 41. Ra5 a3 42. Ra4 Rb8 43. Kd3 Rb3+ 44. Kc4 Rb4+ 45. Rxb4 Bxb4
46. Nd4 Be7 47. Kb3 Kf7 48. h3 Kf6 49. g4 Ke5 50. Nf5 Bf8 51. Ka2 g6 52. Ne3
Ke4 53. Nc4 Kf4 54. Nd2 Bb4 55. Nc4 Be7 56. Nb6 Kg3 57. Nd5 Bf8 58. Nf6 h6 59.
g5 hxg5 60. Ne4+ Kh4 61. Kb3 Be7 62. Nf2 Kg3 63. Ng4 Bd6 64. Nf6 Kxh3 65. Ne4
Be7 66. Nf2+ Kh4 67. Nd3 Bd6 68. Nf2 g4 69. Ne4 g3 0-1

[Event "19. Open Figueres Miquel Mas 2018"]
[Site "Figueres ESP"]
[Date "2018.08.09"]
[Round "1.2"]
[White "Sole Pijuan, Ferran"]
[Black "Lopez Minguella, Armand"]
[Result "1-0"]
[WhiteElo "2320"]
[BlackElo "1684"]
[PlyCount "65"]
[EventDate "2018.08.09"]
[EventType "swiss"]
[EventRounds "9"]
[EventCountry "ESP"]
[SourceTitle "Ajedrez en Madrid"]
[Source "lmi"]
[SourceDate "2018.08.09"]
[SourceVersion "1"]
[SourceVersionDate "2019.07.09"]
[SourceQuality "1"]

1. d4 d5 2. c4 c6 3. Nf3 Nf6 4. e3 e6 5. Bd3 Nbd7 6. O-O Bd6 7. Nbd2 O-O 8. e4
e5 9. cxd5 cxd5 10. Re1 dxe4 11. Nxe4 Nxe4 12. Bxe4 h6 13. Bc2 exd4 14. Qd3 Nf6
15. Nxd4 Bg4 16. a3 Rc8 17. h3 Bh5 18. Nf5 Bc5 19. Be3 Qxd3 20. Bxd3 Bxe3 21.
Ne7+ Kh8 22. Rxe3 Rc7 23. g4 Nxg4 24. hxg4 Bxg4 25. Rae1 Bh5 26. Nd5 Rcc8 27.
Re7 Rb8 28. Bf5 Bf3 29. Nc7 g6 30. Bd7 Rbd8 31. Nb5 a6 32. Nd6 Bd5 33. Rd1 1-0

[Event "19. Open Figueres Miquel Mas 2018"]
[Site "Figueres ESP"]
[Date "2018.08.09"]
[Round "1.3"]
[White "Castella Margarit, Joan Enric"]
[Black "Touzane, Olivier"]
[Result "0-1"]
[WhiteElo "1679"]
[BlackElo "2301"]
[PlyCount "97"]
[EventDate "2018.08.09"]
[EventType "swiss"]
[EventRounds "9"]
[EventCountry "ESP"]
[SourceTitle "Ajedrez en Madrid"]
[Source "lmi"]
[SourceDate "2018.08.09"]
[SourceVersion "1"]
[SourceVersionDate "2019.07.09"]
[SourceQuality "1"]

1. e4 g6 2. d4 Bg7 3. Be3 d5 4. e5 c5 5. Bb5+ Nc6 6. c3 Qb6 7. Qb3 c4 8. Bxc6+
Qxc6 9. Qd1 f6 10. f4 Nh6 11. Nf3 O-O 12. O-O Qb6 13. Qc1 Bf5 14. h3 Bd3 15.
Rf2 Nf5 16. Ne1 fxe5 17. fxe5 Nxe3 18. Qxe3 Rxf2 19. Qxf2 Rf8 20. Nf3 Bh6 21.
Na3 Bf4 22. Re1 a6 23. Nb1 Be4 24. Nbd2 Bxd2 25. Qxd2 Bxf3 26. gxf3 Qe6 27. Qg2
Rf4 28. Rf1 Qf5 29. Qg3 g5 30. Kg2 Kf7 31. Qe1 Ke6 32. Qb1 Rxf3 33. Qxf5+ Rxf5
34. Rb1 Kd7 35. b3 Kc6 36. bxc4 dxc4 37. a4 b6 38. Rb4 b5 39. axb5+ axb5 40.
Rb1 Rf8 41. Kg3 h5 42. Rd1 Kd5 43. Re1 e6 44. Kg2 Ra8 45. Rb1 Kc6 46. Kf3 Ra3
47. Ke4 Rxc3 48. Rg1 Rxh3 49. Rxg5 0-1

[Event "19. Open Figueres Miquel Mas 2018"]
[Site "Figueres ESP"]
[Date "2018.08.09"]
[Round "1.4"]
[White "Pinsach Gelabert, Alexandre"]
[Black "Garcia Caro, Juan Alber"]
[Result "1-0"]
[WhiteElo "2116"]
[BlackElo "1745"]
[PlyCount "59"]
[EventDate "2018.08.09"]
[EventType "swiss"]
[EventRounds "9"]
[EventCountry "ESP"]
[SourceTitle "Ajedrez en Madrid"]
[Source "lmi"]
[SourceDate "2018.08.09"]
[SourceVersion "1"]
[SourceVersionDate "2019.07.09"]
[SourceQuality "1"]

1. e4 c5 2. Nf3 d6 3. c3 Nf6 4. Bd3 Nc6 5. Bc2 e6 6. d4 d5 7. e5 Nd7 8. O-O
cxd4 9. cxd4 f6 10. Ng5 Ndxe5 11. dxe5 fxg5 12. Qh5+ Kd7 13. Bxg5 Be7 14. Bxe7
Qxe7 15. Nd2 b6 16. Rac1 g6 17. Qe2 a6 18. a3 g5 19. b4 h5 20. Ba4 b5 21. Bxb5
Bb7 22. Ba4 Rhc8 23. Nb3 Kd8 24. Qxh5 Kc7 25. Na5 Kb6 26. Qe2 Qd7 27. Rfd1 Ka7
28. Qe3+ d4 29. Nxc6+ Bxc6 30. Rxd4 1-0

[Event "19. Open Figueres Miquel Mas 2018"]
[Site "Figueres ESP"]
[Date "2018.08.09"]
[Round "1.5"]
[White "Vidal Palou, Jordi"]
[Black "Colls Gelaberto, Emili"]
[Result "0-1"]
[WhiteElo "1648"]
[BlackElo "2093"]
[PlyCount "40"]
[EventDate "2018.08.09"]
[EventType "swiss"]
[EventRounds "9"]
[EventCountry "ESP"]
[SourceTitle "Ajedrez en Madrid"]
[Source "lmi"]
[SourceDate "2018.08.09"]
[SourceVersion "1"]
[SourceVersionDate "2019.07.09"]
[SourceQuality "1"]

1. d4 Nf6 2. Nf3 g6 3. e3 Bg7 4. Nbd2 O-O 5. Be2 d6 6. O-O Nc6 7. e4 e5 8. d5
Ne7 9. c4 Nh5 10. Nxe5 Bxe5 11. Bxh5 gxh5 12. f4 Bd4+ 13. Kh1 Bg4 14. Nf3 Bg7
15. h3 Bxf3 16. Qxf3 f5 17. Qxh5 Qe8 18. Qf3 fxe4 19. Qxe4 Nf5 20. Qd3 Qe2 0-1

[Event "19. Open Figueres Miquel Mas 2018"]
[Site "Figueres ESP"]
[Date "2018.08.09"]
[Round "1.7"]
[White "Muntal Corrales, Arnau"]
[Black "Parramon Ros, Francesc"]
[Result "0-1"]
[WhiteElo "1617"]
[BlackElo "2059"]
[PlyCount "68"]
[EventDate "2018.08.09"]
[EventType "swiss"]
[EventRounds "9"]
[EventCountry "ESP"]
[SourceTitle "Ajedrez en Madrid"]
[Source "lmi"]
[SourceDate "2018.08.09"]
[SourceVersion "1"]
[SourceVersionDate "2019.07.09"]
[SourceQuality "1"]

1. e4 c5 2. Nf3 e6 3. d4 cxd4 4. Nxd4 Bc5 5. Nc3 Nc6 6. Be3 Qb6 7. Na4 Qa5+ 8.
c3 Bxd4 9. Bxd4 Nxd4 10. Qxd4 Nf6 11. Be2 e5 12. Qc4 b6 13. Qb3 Bb7 14. f3 Bc6
15. Bd1 O-O 16. O-O b5 17. Nc5 Qb6 18. Qa3 d6 19. b4 dxc5 20. bxc5 Qd8 21. Bb3
Qd2 22. Rad1 Qe3+ 23. Kh1 a5 24. Rd6 a4 25. Bxf7+ Rxf7 26. Rxc6 Nxe4 27. Qb2
Rf5 28. g3 Rxf3 29. Qxb5 Rxf1+ 30. Qxf1 Nf2+ 31. Kg1 Rf8 32. Qc4+ Kh8 33. Qf7
Qe1+ 34. Kg2 Qh1+ 0-1

[Event "19. Open Figueres Miquel Mas 2018"]
[Site "Figueres ESP"]
[Date "2018.08.09"]
[Round "1.13"]
[White "Gac, Jean-Luc"]
[Black "Nunez Colome, David"]
[Result "0-1"]
[WhiteElo "1486"]
[BlackElo "1970"]
[PlyCount "80"]
[EventDate "2018.08.09"]
[EventType "swiss"]
[EventRounds "9"]
[EventCountry "ESP"]
[SourceTitle "Ajedrez en Madrid"]
[Source "lmi"]
[SourceDate "2018.08.09"]
[SourceVersion "1"]
[SourceVersionDate "2019.07.09"]
[SourceQuality "1"]

1. e4 e6 2. d4 d5 3. e5 c5 4. c3 Nc6 5. Nf3 Qb6 6. a3 a5 7. b3 Bd7 8. a4 cxd4
9. cxd4 Bb4+ 10. Bd2 Nxd4 11. Bxb4 Qxb4+ 12. Nbd2 Nxf3+ 13. Qxf3 Qd4 14. Rc1
Qxe5+ 15. Be2 Nf6 16. O-O O-O 17. Rfe1 Qd6 18. Red1 Qb6 19. Qg3 Rac8 20. Rb1
Qb4 21. f3 Rc2 22. Qe1 Rfc8 23. Kh1 b5 24. Bd3 R2c3 25. Bxb5 Bxb5 26. axb5 Qxb5
27. Qf2 Rc2 28. h3 Qb4 29. Qe1 h6 30. Ra1 Rb2 31. Ra4 Qb5 32. Raa1 Rcc2 33. Qe3
d4 34. Qe1 Qg5 35. h4 Qf4 36. Rxa5 Rxd2 37. Rxd2 Qxd2 38. Qxd2 Rxd2 39. Kg1 Rb2
40. Rb5 Nd5 0-1

[Event "19. Open Figueres Miquel Mas 2018"]
[Site "Figueres ESP"]
[Date "2018.08.09"]
[Round "1.18"]
[White "Lazaro Porta, Angel"]
[Black "Idoate Arrazurria, Ricardo"]
[Result "1-0"]
[WhiteElo "1882"]
[BlackElo "1431"]
[PlyCount "57"]
[EventDate "2018.08.09"]
[EventType "swiss"]
[EventRounds "9"]
[EventCountry "ESP"]
[SourceTitle "Ajedrez en Madrid"]
[Source "lmi"]
[SourceDate "2018.08.09"]
[SourceVersion "1"]
[SourceVersionDate "2019.07.09"]
[SourceQuality "1"]

1. Nf3 Nf6 2. g3 e6 3. Bg2 d5 4. c4 dxc4 5. O-O Nc6 6. a4 Be7 7. Na3 Bxa3 8.
Rxa3 O-O 9. Qc2 Na5 10. d3 cxd3 11. Rxd3 Qe7 12. b4 Nc6 13. b5 Nb4 14. Ba3 Nxc2
15. Bxe7 Re8 16. Bxf6 gxf6 17. Rc3 Nb4 18. Rxc7 Nd5 19. Rc4 Rb8 20. Rd1 Nb6 21.
Rg4+ Kf8 22. a5 Nd5 23. Rc4 Bd7 24. Nd4 e5 25. Bxd5 exd4 26. Rc7 Red8 27. Rxd4
Bxb5 28. Rxf7+ Ke8 29. Re4# 1-0

[Event "19. Open Figueres Miquel Mas 2018"]
[Site "Figueres ESP"]
[Date "2018.08.09"]
[Round "1.19"]
[White "Alcaraz Martinez, Leandro"]
[Black "Falgueras Marti, Carles"]
[Result "0-1"]
[WhiteElo "1430"]
[BlackElo "1872"]
[PlyCount "42"]
[EventDate "2018.08.09"]
[EventType "swiss"]
[EventRounds "9"]
[EventCountry "ESP"]
[SourceTitle "Ajedrez en Madrid"]
[Source "lmi"]
[SourceDate "2018.08.09"]
[SourceVersion "1"]
[SourceVersionDate "2019.07.09"]
[SourceQuality "1"]

1. e4 c6 2. d4 d5 3. Nc3 dxe4 4. Nxe4 Nd7 5. Bc4 Ngf6 6. Ng5 e6 7. Qe2 Nb6 8.
N1f3 Nxc4 9. Qxc4 h6 10. Nh3 Qa5+ 11. Bd2 Qf5 12. O-O Nd5 13. Ne5 Bd6 14. Nxc6
Nb6 15. Qc3 bxc6 16. Qxc6+ Ke7 17. Qc3 Bb7 18. Rae1 Rac8 19. Qb3 Qxc2 20. Rxe6+
fxe6 21. Qe3 Qe4 0-1

[Event "19. Open Figueres Miquel Mas 2018"]
[Site "Figueres ESP"]
[Date "2018.08.09"]
[Round "1.22"]
[White "Vilanova Guardiola, Josep M."]
[Black "Insa Pujolar, Marti"]
[Result "1-0"]
[WhiteElo "1763"]
[BlackElo "1406"]
[PlyCount "63"]
[EventDate "2018.08.09"]
[EventType "swiss"]
[EventRounds "9"]
[EventCountry "ESP"]
[SourceTitle "Ajedrez en Madrid"]
[Source "lmi"]
[SourceDate "2018.08.09"]
[SourceVersion "1"]
[SourceVersionDate "2019.07.09"]
[SourceQuality "1"]

1. d4 Nf6 2. c4 g6 3. Nc3 Bg7 4. e4 d6 5. Nge2 O-O 6. Ng3 e5 7. d5 Nbd7 8. Be2
a6 9. h4 h5 10. Bg5 Rb8 11. Bxh5 gxh5 12. Nxh5 Bh8 13. Qf3 b5 14. cxb5 axb5 15.
Rh3 Bg7 16. Rg3 Nxh5 17. Bxd8 Nxg3 18. Bxc7 Rb7 19. Bxd6 b4 20. Bxf8 bxc3 21.
Bxg7 cxb2 22. Rb1 Nxe4 23. Qxe4 Kxg7 24. d6 Rb6 25. Qe2 Ba6 26. Qg4+ Kh6 27.
Qxd7 Bd3 28. Qc7 Rb4 29. Rxb2 Rc4 30. Qxc4 Bxc4 31. d7 Kh5 32. d8=Q 1-0

[Event "19. Open Figueres Miquel Mas 2018"]
[Site "Figueres ESP"]
[Date "2018.08.10"]
[Round "2.1"]
[White "Vidal Zamora, Alex"]
[Black "Izagirre Alsua, Aritz"]
[Result "1-0"]
[WhiteElo "2404"]
[BlackElo "1875"]
[PlyCount "85"]
[EventDate "2018.08.09"]
[EventType "swiss"]
[EventRounds "9"]
[EventCountry "ESP"]
[SourceTitle "Ajedrez en Madrid"]
[Source "lmi"]
[SourceDate "2018.08.09"]
[SourceVersion "1"]
[SourceVersionDate "2019.07.09"]
[SourceQuality "1"]

1. d4 d5 2. c4 c6 3. Nf3 Nf6 4. e3 a6 5. Bd3 b5 6. b3 Bg4 7. Nbd2 Nbd7 8. Qc2
Rc8 9. Bb2 e6 10. Rc1 Bxf3 11. Nxf3 Bb4+ 12. Ke2 Qa5 13. a3 Bxa3 14. Ra1 b4 15.
Bxa3 bxa3 16. Qd2 Qxd2+ 17. Kxd2 Ne4+ 18. Bxe4 dxe4 19. Ng5 Nf6 20. Rxa3 h6 21.
Nh3 c5 22. Rxa6 O-O 23. dxc5 Rxc5 24. Rd1 Rb8 25. Kc3 Rc7 26. Rd4 Nd5+ 27. Kb2
Nb4 28. Ra3 e5 29. Rd6 Kf8 30. f3 Ke7 31. Rd2 Nd3+ 32. Kc3 Nc5 33. Rd5 f6 34.
Nf2 exf3 35. gxf3 Ne6 36. b4 Rcb7 37. Nd3 Nc7 38. Rda5 Ne6 39. Ra7 Kd7 40. R3a6
Rxa7 41. Rxa7+ Nc7 42. Nc5+ Kc6 43. Rxc7+ 1-0

[Event "19. Open Figueres Miquel Mas 2018"]
[Site "Figueres ESP"]
[Date "2018.08.10"]
[Round "2.2"]
[White "Falgueras Marti, Carles"]
[Black "Sole Pijuan, Ferran"]
[Result "0-1"]
[WhiteElo "1872"]
[BlackElo "2320"]
[PlyCount "105"]
[EventDate "2018.08.09"]
[EventType "swiss"]
[EventRounds "9"]
[EventCountry "ESP"]
[SourceTitle "Ajedrez en Madrid"]
[Source "lmi"]
[SourceDate "2018.08.09"]
[SourceVersion "1"]
[SourceVersionDate "2019.07.09"]
[SourceQuality "1"]

1. e4 e5 2. Nf3 Nc6 3. Bb5 a6 4. Ba4 Nf6 5. O-O b5 6. Bb3 Bb7 7. d3 Be7 8. Nc3
O-O 9. a4 b4 10. Nd5 Nxd5 11. Bxd5 d6 12. a5 Nxa5 13. Rxa5 c6 14. Bxf7+ Rxf7
15. Ra4 c5 16. c3 a5 17. c4 Bc6 18. Ra2 a4 19. Be3 h6 20. Qd2 Qd7 21. h3 Raf8
22. Nh2 g5 23. Qe2 Qe6 24. Qh5 Be8 25. Qd1 Qg6 26. Rxa4 Bxa4 27. Qxa4 h5 28.
Qd1 Rg7 29. f3 Ra8 30. Qe2 Ra2 31. Rb1 Bf6 32. Qd1 Rga7 33. Kf2 Qe8 34. Kf1 Qa4
35. Ke2 Ra1 36. Rxa1 Qxa1 37. Bc1 Qb1 38. Kd2 Ra1 39. Qc2 b3 40. Qxb1 Rxb1 41.
Nf1 g4 42. Kd1 Bg5 43. Nd2 Bxd2 44. Kxd2 gxh3 45. gxh3 h4 46. Kd1 Kf7 47. Kd2
Kg6 48. Kd1 Kh5 49. Kd2 Kg5 50. Kd1+ Rxc1+ 51. Kxc1 Kf4 52. Kd2 Kxf3 53. Ke1
0-1

[Event "19. Open Figueres Miquel Mas 2018"]
[Site "Figueres ESP"]
[Date "2018.08.10"]
[Round "2.3"]
[White "Touzane, Olivier"]
[Black "Lazaro Porta, Angel"]
[Result "1-0"]
[WhiteElo "2301"]
[BlackElo "1882"]
[PlyCount "49"]
[EventDate "2018.08.09"]
[EventType "swiss"]
[EventRounds "9"]
[EventCountry "ESP"]
[SourceTitle "Ajedrez en Madrid"]
[Source "lmi"]
[SourceDate "2018.08.09"]
[SourceVersion "1"]
[SourceVersionDate "2019.07.09"]
[SourceQuality "1"]

1. d4 Nf6 2. Bf4 c5 3. d5 g6 4. Nc3 Bg7 5. Qd2 a6 6. a4 d6 7. e4 Nbd7 8. Be2
Qa5 9. Ra2 Qb4 10. f3 Nh5 11. Bh6 O-O 12. g4 Bxh6 13. Qxh6 Ng7 14. h4 Ne5 15.
h5 f6 16. hxg6 hxg6 17. f4 Nxg4 18. Qxg6 f5 19. Bxg4 fxg4 20. Rh7 Qd4 21. e5
Qxg1+ 22. Kd2 Qd4+ 23. Ke2 Qc4+ 24. Ke1 Rf7 25. Qh6 1-0

[Event "19. Open Figueres Miquel Mas 2018"]
[Site "Figueres ESP"]
[Date "2018.08.10"]
[Round "2.4"]
[White "Vinas Serra, Jaume"]
[Black "Pinsach Gelabert, Alexandre"]
[Result "1-0"]
[WhiteElo "1809"]
[BlackElo "2116"]
[PlyCount "109"]
[EventDate "2018.08.09"]
[EventType "swiss"]
[EventRounds "9"]
[EventCountry "ESP"]
[SourceTitle "Ajedrez en Madrid"]
[Source "lmi"]
[SourceDate "2018.08.09"]
[SourceVersion "1"]
[SourceVersionDate "2019.07.09"]
[SourceQuality "1"]

1. d4 Nf6 2. Bg5 Ne4 3. Bh4 c5 4. dxc5 Nxc5 5. Nd2 Nc6 6. Ngf3 g6 7. e3 Bg7 8.
c3 O-O 9. Nb3 Nxb3 10. axb3 d6 11. Bd3 Bg4 12. h3 Bxf3 13. Qxf3 Ne5 14. Qe2
Nxd3+ 15. Qxd3 Re8 16. O-O Qb6 17. Qc2 Rac8 18. Ra4 a6 19. Rd1 Rc5 20. Bg3 Rec8
21. Rd3 Rb5 22. Ra3 Bf8 23. Qd1 d5 24. b4 Qc6 25. Qa1 Bg7 26. Ra5 e5 27. Rxb5
Qxb5 28. Qd1 Rd8 29. Rd2 Qc4 30. Qf1 Qb3 31. Qd1 Qc4 32. Qf1 Qe4 33. Qd3 f5 34.
f3 Qxd3 35. Rxd3 Kf7 36. Bf2 Ke6 37. Kf1 Bf6 38. Ke2 g5 39. Rd1 h5 40. Bg1 Rb8
41. Bf2 Rc8 42. Rd2 Rc4 43. Rd1 Bd8 44. g3 Bf6 45. Rd2 d4 46. exd4 exd4 47.
Bxd4 Be7 48. Kd3 Rc7 49. Re2+ Kf7 50. Re5 Kg6 51. Re6+ Kh7 52. Bf6 Bxf6 53.
Rxf6 Kg7 54. Rd6 Re7 55. c4 1-0

[Event "19. Open Figueres Miquel Mas 2018"]
[Site "Figueres ESP"]
[Date "2018.08.10"]
[Round "2.5"]
[White "Colls Gelaberto, Emili"]
[Black "Vilanova Guardiola, Josep M."]
[Result "1-0"]
[WhiteElo "2093"]
[BlackElo "1763"]
[PlyCount "47"]
[EventDate "2018.08.09"]
[EventType "swiss"]
[EventRounds "9"]
[EventCountry "ESP"]
[SourceTitle "Ajedrez en Madrid"]
[Source "lmi"]
[SourceDate "2018.08.09"]
[SourceVersion "1"]
[SourceVersionDate "2019.07.09"]
[SourceQuality "1"]

1. Nf3 d5 2. d4 Nf6 3. c4 e6 4. g3 Bb4+ 5. Nbd2 O-O 6. Bg2 Nbd7 7. O-O c6 8.
Qc2 Re8 9. e4 Bxd2 10. Nxd2 Nxe4 11. Nxe4 dxe4 12. Qxe4 Nf6 13. Qh4 Qa5 14. Be3
e5 15. dxe5 Ng4 16. Bd4 Nxe5 17. b4 Qc7 18. Rfe1 Bd7 19. Qf4 f6 20. Re3 Qb8 21.
Bxe5 fxe5 22. Qg5 h6 23. Qg6 Re7 24. Be4 1-0

[Event "19. Open Figueres Miquel Mas 2018"]
[Site "Figueres ESP"]
[Date "2018.08.10"]
[Round "2.6"]
[White "Ruiz De Morales Cespedes, Jaume"]
[Black "Lorca Cortada, David"]
[Result "0-1"]
[WhiteElo "1754"]
[BlackElo "2060"]
[PlyCount "56"]
[EventDate "2018.08.09"]
[EventType "swiss"]
[EventRounds "9"]
[EventCountry "ESP"]
[SourceTitle "Ajedrez en Madrid"]
[Source "lmi"]
[SourceDate "2018.08.09"]
[SourceVersion "1"]
[SourceVersionDate "2019.07.09"]
[SourceQuality "1"]

1. c4 Nf6 2. Nc3 b6 3. Nf3 Bb7 4. g3 e6 5. Bg2 Be7 6. O-O c5 7. d4 cxd4 8. Qxd4
Nc6 9. Qd2 a6 10. Rd1 Qc7 11. e4 d6 12. Qe2 O-O 13. Bf4 Rfd8 14. Rd2 Na5 15. b3
b5 16. Rad1 b4 17. Na4 Nxe4 18. Rd3 Nc5 19. Nxc5 Qxc5 20. Qd2 d5 21. cxd5 Rxd5
22. Rxd5 Bxd5 23. Rc1 Qb6 24. Ng5 Bxg2 25. Qc2 Bxg5 26. Qc8+ Rxc8 27. Rxc8+ Bd8
28. Bc7 Qxc7 0-1

[Event "19. Open Figueres Miquel Mas 2018"]
[Site "Figueres ESP"]
[Date "2018.08.10"]
[Round "2.7"]
[White "Parramon Ros, Francesc"]
[Black "Mallol Descarrega, Gerard"]
[Result "1-0"]
[WhiteElo "2059"]
[BlackElo "1728"]
[PlyCount "40"]
[EventDate "2018.08.09"]
[EventType "swiss"]
[EventRounds "9"]
[EventCountry "ESP"]
[SourceTitle "Ajedrez en Madrid"]
[Source "lmi"]
[SourceDate "2018.08.09"]
[SourceVersion "1"]
[SourceVersionDate "2019.07.09"]
[SourceQuality "1"]

1. Nf3 Nf6 2. g3 e6 3. Bg2 Be7 4. O-O O-O 5. d3 d5 6. Nbd2 c5 7. e4 Nc6 8. Re1
Re8 9. e5 Nd7 10. Nf1 f6 11. exf6 Bxf6 12. h4 Nde5 13. Ng5 Bd7 14. Qh5 h6 15.
f4 hxg5 16. hxg5 Bxg5 17. fxg5 Qc7 18. g6 Ne7 19. Rxe5 Nf5 20. Qh7+ Kf8 1-0

[Event "19. Open Figueres Miquel Mas 2018"]
[Site "Figueres ESP"]
[Date "2018.08.10"]
[Round "2.12"]
[White "Nunez Colome, David"]
[Black "Hervas Carretero, Flavio"]
[Result "1-0"]
[WhiteElo "1970"]
[BlackElo "1441"]
[PlyCount "53"]
[EventDate "2018.08.09"]
[EventType "swiss"]
[EventRounds "9"]
[EventCountry "ESP"]
[SourceTitle "Ajedrez en Madrid"]
[Source "lmi"]
[SourceDate "2018.08.09"]
[SourceVersion "1"]
[SourceVersionDate "2019.07.09"]
[SourceQuality "1"]

1. e4 e5 2. Nf3 Nf6 3. Nxe5 d6 4. Nf3 Nxe4 5. Nc3 Nxc3 6. bxc3 Be7 7. d4 O-O 8.
Bd3 d5 9. h3 c6 10. Bf4 a5 11. O-O Na6 12. Rb1 Bd6 13. Qd2 b5 14. Bxd6 Qxd6 15.
Qg5 f5 16. Rfe1 Ra7 17. Re5 Raf7 18. Rbe1 Nc7 19. Qh4 Qf6 20. Qh5 h6 21. Nh4 g5
22. Ng6 Rd8 23. Qxh6 Qg7 24. Qxg7+ Kxg7 25. Ne7 Bd7 26. Bxf5 Bxf5 27. Nxf5+ 1-0

[Event "19. Open Figueres Miquel Mas 2018"]
[Site "Figueres ESP"]
[Date "2018.08.10"]
[Round "2.14"]
[White "Villa Carrillo, Julio"]
[Black "Sabria Mestras, Jordi"]
[Result "1/2-1/2"]
[WhiteElo "1482"]
[BlackElo "1388"]
[PlyCount "74"]
[EventDate "2018.08.09"]
[EventType "swiss"]
[EventRounds "9"]
[EventCountry "ESP"]
[SourceTitle "Ajedrez en Madrid"]
[Source "lmi"]
[SourceDate "2018.08.09"]
[SourceVersion "1"]
[SourceVersionDate "2019.07.09"]
[SourceQuality "1"]

1. d4 d5 2. Nf3 e6 3. e3 Bd6 4. c4 c6 5. c5 Bc7 6. Bd3 Nf6 7. Nc3 Nbd7 8. O-O
O-O 9. Qc2 g6 10. e4 dxe4 11. Bxe4 Kg7 12. Bg5 Qe8 13. Qd2 Ng8 14. Be3 Ndf6 15.
Bc2 b6 16. b4 Bb7 17. Bf4 Qb8 18. Bxc7 Qxc7 19. Ne5 Rad8 20. Qe3 Ne7 21. a3
Ned5 22. Nxd5 cxd5 23. Rab1 b5 24. Bd3 a6 25. Rfe1 Rde8 26. f4 Nd7 27. Nxd7
Qxd7 28. Qh3 f5 29. Re5 Bc6 30. Rbe1 Qf7 31. Qg3 Bd7 32. h4 h5 33. Qg5 Qf6 34.
Qxf6+ Rxf6 35. Ra1 Ra8 36. Ree1 Rff8 37. Rac1 Rfc8 1/2-1/2

[Event "19. Open Figueres Miquel Mas 2018"]
[Site "Figueres ESP"]
[Date "2018.08.11"]
[Round "3.1"]
[White "Castells Briones, Miquel"]
[Black "Vidal Zamora, Alex"]
[Result "0-1"]
[WhiteElo "2018"]
[BlackElo "2404"]
[PlyCount "114"]
[EventDate "2018.08.09"]
[EventType "swiss"]
[EventRounds "9"]
[EventCountry "ESP"]
[SourceTitle "Ajedrez en Madrid"]
[Source "lmi"]
[SourceDate "2018.08.09"]
[SourceVersion "1"]
[SourceVersionDate "2019.07.09"]
[SourceQuality "1"]

1. d4 Nf6 2. c4 e6 3. g3 d5 4. Nf3 dxc4 5. Bg2 Bb4+ 6. Bd2 a5 7. O-O O-O 8. Qc2
Bxd2 9. Nbxd2 b5 10. b3 cxb3 11. Nxb3 Bb7 12. Nc5 Bd5 13. Rfe1 Nc6 14. Qd3 Rb8
15. a3 Bxf3 16. Bxf3 Nxd4 17. Bg2 Qd6 18. Rab1 Nf5 19. Qc3 Nd4 20. Qd3 Nf5 21.
Qc3 b4 22. axb4 axb4 23. Rxb4 Rxb4 24. Qxb4 Ne7 25. Qc4 Rc8 26. Nd3 c6 27. Ra1
Nd7 28. Ra5 h6 29. Qa4 Nd5 30. Ra8 Qf8 31. Ra5 Qd6 32. Ra8 Rb8 33. Rxb8+ Nxb8
34. Qd4 Nd7 35. e4 e5 36. Nxe5 Qxe5 37. Qxe5 Nxe5 38. exd5 c5 39. Kf1 Kf8 40.
d6 Ke8 41. Bh3 Nc4 42. Ke2 Nxd6 43. Kd3 Ke7 44. Bg4 Ne8 45. Kc4 Kd6 46. h4 Nc7
47. Bf3 f6 48. Bb7 Ne6 49. Bd5 Nd4 50. Bb7 Nc6 51. Ba8 Ne5+ 52. Kc3 Ng4 53. f3
Ne3 54. Kd3 Nf5 55. g4 Nxh4 56. f4 Ng6 57. Ke4 c4 0-1

[Event "19. Open Figueres Miquel Mas 2018"]
[Site "Figueres ESP"]
[Date "2018.08.11"]
[Round "3.2"]
[White "Sole Pijuan, Ferran"]
[Black "Pau Plana, Albert"]
[Result "1-0"]
[WhiteElo "2320"]
[BlackElo "2013"]
[PlyCount "127"]
[EventDate "2018.08.09"]
[EventType "swiss"]
[EventRounds "9"]
[EventCountry "ESP"]
[SourceTitle "Ajedrez en Madrid"]
[Source "lmi"]
[SourceDate "2018.08.09"]
[SourceVersion "1"]
[SourceVersionDate "2019.07.09"]
[SourceQuality "1"]

1. d4 Nf6 2. c4 g6 3. Nc3 d5 4. cxd5 Nxd5 5. Bd2 Bg7 6. e4 Nxc3 7. Bxc3 O-O 8.
Qd2 c5 9. d5 e6 10. Bc4 exd5 11. Bxd5 Qe7 12. Bxg7 Kxg7 13. Qc3+ Kg8 14. Nf3
Be6 15. O-O Bxd5 16. exd5 Nd7 17. Rfe1 Qf6 18. Nd2 Rfe8 19. Ne4 Qxc3 20. bxc3
Re5 21. Nf6+ Nxf6 22. Rxe5 Rd8 23. c4 Ne8 24. Re7 Nd6 25. Rc1 Re8 26. Rd7 Nxc4
27. Rxb7 Nb6 28. Rxa7 Nxd5 29. f3 Nf4 30. Rc2 Nd3 31. h4 Re1+ 32. Kh2 h5 33. a4
Ra1 34. a5 Ra4 35. Kg3 g5 36. hxg5 h4+ 37. Kh2 Nf4 38. a6 c4 39. Ra8+ Kg7 40.
a7 c3 41. g6 Nxg6 42. Rxc3 Ra2 43. Rg8+ Kxg8 44. Rc8+ Kg7 45. a8=Q Rxa8 46.
Rxa8 Kf6 47. Ra5 Nf4 48. Ra4 Kg5 49. Rb4 Ng6 50. Kh3 Nf4+ 51. Rxf4 Kxf4 52.
Kxh4 Kf5 53. g3 Kg6 54. Kg4 Kf6 55. Kf4 Kg6 56. Ke5 Kg5 57. g4 Kg6 58. f4 Kg7
59. f5 Kg8 60. Kf6 Kf8 61. g5 Kg8 62. Ke7 Kg7 63. f6+ Kg6 64. Kf8 1-0